000 00723nam a2200229Ia 4500
003 OSt
005 20220926014952.0
006 a|||||r|||| 00| 0
007 ta
008 220923b |||||||| |||| 00| 0 eng d
037 _cGeneral Book
040 _aRTL
_cRTL
_beng
041 _2eng
_aeng
082 _aX9:99V,58.73.N6, K8
100 _aLewellen Wilbur G
_9321367
245 0 _aExecutive compensation in large industrial corpora
260 _aNew York
_bNational Bureau of Ecnomic Research USA
_c1968
300 _axxv,371p. Bib p. 363-66 Appendix p. 289-62
_ccm.
650 _aIndustrial Economy
942 _hX9:99V,58.73.N6, K8
_cGB
_2CC
999 _c630243
_d630243